000 00643nam a2200241Ia 4500
003 OSt
005 20221007074758.0
006 a|||||r|||| 00| 0
007 ta
008 221006b |||||||| |||| 00| 0 eng d
024 _a7,557
037 _cTextual
040 _aFLL
_cFLL
_beng
041 _2eng
_aeng
082 _aX724:Z2, M2
100 _aBhattacharya Sukumar Au.
245 0 _aIndian income tax and practice
250 _a14th
260 _aNagpur
_bWadhwa sales corporation India
_c1982
300 _a933p
_ccm.
942 _hX724:Z2, M2
_cTEXL
_2CC
999 _c1153638
_d1153638